A system of physical chemistry (Record no. 977)

MARC details
000 -LEADER
fixed length control field 00538nam a2200181Ia 4500
003 - CONTROL NUMBER IDENTIFIER
control field IN-BaIIA
008 - FIXED-LENGTH DATA ELEMENTS--GENERAL INFORMATION
fixed length control field 211028s9999 xx 000 0 eng d
040 ## - CATALOGING SOURCE
Transcribing agency IIA Library
080 ## - UNIVERSAL DECIMAL CLASSIFICATION NUMBER
Universal Decimal Classification number 541
Item number LEW-I
100 ## - MAIN ENTRY--PERSONAL NAME
Personal name Lewis, William C. McC
9 (RLIN) 2110
245 #2 - TITLE STATEMENT
Title A system of physical chemistry
Remainder of title vol. I, kinetic theory
Statement of responsibility, etc. William C. McC Lewis
260 ## - PUBLICATION, DISTRIBUTION, ETC.
Place of publication, distribution, etc. London
Name of publisher, distributor, etc. Longmans, Green
Date of publication, distribution, etc. 1923
300 ## - PHYSICAL DESCRIPTION
Extent xii, 494p.
490 ## - SERIES STATEMENT
Series statement Textbooks of physical chemistry
650 ## - SUBJECT ADDED ENTRY--TOPICAL TERM
Topical term or geographic name entry element Chemical analysis
9 (RLIN) 2111
650 ## - SUBJECT ADDED ENTRY--TOPICAL TERM
Topical term or geographic name entry element Physical chemistry
9 (RLIN) 2112
942 ## - ADDED ENTRY ELEMENTS (KOHA)
Koha item type Books
Holdings
Withdrawn status Lost status Damaged status Not for loan Home library Current library Shelving location Date acquired Total Checkouts Full call number Barcode Date last seen Price effective from Koha item type
        IIA Library-Bangalore IIA Library-Bangalore General Stacks     541/ LEW-I 1014 05/11/2021   Books

Powered by Koha